| 000 | 00950nam a22002897a 4500 | ||
|---|---|---|---|
| 003 | DO-SdBNP | ||
| 005 | 20260120073951.0 | ||
| 007 | ta | ||
| 008 | 210621e2018 dr a|||gr|||| 00| 0dspa d | ||
| 020 | _a9789945908053 | ||
| 040 |
_aDO-SdBNP _bspa _cBNPHU |
||
| 041 | _hspa | ||
| 082 | 4 |
_bM671p _222 _a202.2 |
|
| 100 | 1 |
_aMirabal Rosario , Yoselman Rodwin _d1969 - _978917 |
|
| 245 | 1 | 0 |
_aPecado & salvación : _bdos caras de una mima moneda. Dios, pecado, salvación, ser humano / _cYoselman R. Mirabal |
| 260 |
_aSanto Domingo : _bProducciones Mirabal , _c2018 |
||
| 300 |
_a149 p.: _bil.; _c22 cm |
||
| 490 | 1 |
_aSobre Teología Práctica ; _v1 |
|
| 504 | _aBibliografía: p. 148-149 | ||
| 590 | _aInventariado, 2021/MFF | ||
| 650 | 4 |
_aPecado _96578 |
|
| 650 | 4 |
_aSalvación _93270 |
|
| 650 | 0 |
_aVida espiritual _9268 |
|
| 830 |
_aSobre Teología Práctica ; _lspa _nt.1 _978918 |
||
| 910 | _aValidado. Control de calidad MFF | ||
| 942 |
_2ddc _cLBS1 |
||
| 999 |
_c49960 _d49960 |
||